[Event "Schwaebische Meisterschaft 2024 B-Open"]
[Site "Augsburg"]
[Date "2024.05.11"]
[Round "6.9"]
[White "Schwarz, Susanne"]
[Black "Weber, Manuel"]
[Result "0-1"]
[WhiteElo "1597"]
[BlackElo "1881"]
[EventDate "2024.??.??"]
[PlyCount "94"]
[WhiteTeam "SC Starnberg"]
[BlackTeam "SF Waldstetten 1982"]

1.e4 c5 2.Nf3 d6 3.Bc4 e6 4.d3 a6 5.a4 Nc6 6.O-O Nf6 7.Bg5 h6 8.Bh4 Be7 9.
Bxf6 Bxf6 10.c3 e5 11.Na3 Bg4 12.Nc2 O-O 13.h3 Bh5 14.g4 Bg6 15.Ne3 Ne7 
16.Ng2 Qd7 17.Nh2 b5 18.Bb3 Qc6 19.f4 exf4 20.Rxf4 Be5 21.Rf2 c4 22.Bc2 
cxd3 23.Bxd3 Bxe4 24.Nf3 Bg3 25.Rf1 Qb6+ 26.Nd4 Bb7 27.Qd2 b4 28.Qe3 bxc3 
29.bxc3 Be5 30.Rab1 Qc7 31.Bc2 Bxd4 32.Qxd4 Qc6 33.Rf2 Qd5 34.Qe3 Rae8 35.
Bb3 Qe4 36.Qxe4 Bxe4 37.Rd1 d5 38.Nf4 Rc8 39.Nxd5 Nxd5 40.Bxd5 Bxd5 41.
Rxd5 Rxc3 42.Kh2 Re8 43.Rd7 f6 44.Rd5 Ree3 45.Rh5 Ra3 46.Rf4 Re2+ 47.Kg1 
Ra1+ 0-1

[Event "Schwaebische Meisterschaft 2024 B-Open"]
[Site "Augsburg"]
[Date "2024.05.12"]
[Round "7.9"]
[White "Huber, Andreas"]
[Black "Weidl, Robert"]
[Result "1-0"]
[WhiteElo "1800"]
[BlackElo "1889"]
[EventDate "2024.??.??"]
[PlyCount "81"]
[WhiteTeam "SK Toeging"]
[BlackTeam "SC Schwabmuenchen"]

1.e4 c5 2.Nf3 d6 3.d4 cxd4 4.Nxd4 Nf6 5.Nc3 g6 6.h3 Bg7 7.Bc4 Nc6 8.Be3 
O-O 9.O-O Bd7 10.Qd2 Rc8 11.Bb3 a6 12.Rfe1 b5 13.a3 Na5 14.f3 Nc4 15.Bxc4 
Rxc4 16.Nce2 h5 17.c3 Qc8 18.Kf2 Kh7 19.Rh1 Qc7 20.Nc2 Rxe4 21.Kf1 Rxe3 
22.Qxe3 Bh6 23.Qg1 Bf5 24.Ncd4 Bd3 25.g4 Bf4 26.Rd1 Qc4 27.Ke1 e5 28.b3 
Bxe2 29.bxc4 Bxd1 30.Kxd1 exd4 31.Qxd4 Be5 32.Qd3 Rc8 33.g5 Nd7 34.cxb5 
Rxc3 35.Qd5 Kg7 36.bxa6 Rxa3 37.Rf1 Nc5 38.f4 Bb2 39.Qxd6 Ne4 40.Qxa3 Bxa3
41.a7 1-0

[Event "Schwaebische Meisterschaft 2024 B-Open"]
[Site "Augsburg"]
[Date "2024.05.09"]
[Round "1.7"]
[White "Trimpl, Michael"]
[Black "Weidl, Robert"]
[Result "0-1"]
[WhiteElo "1650"]
[BlackElo "1889"]
[EventDate "2024.??.??"]
[PlyCount "104"]
[WhiteTeam "SK Kriegshaber"]
[BlackTeam "SC Schwabmuenchen"]

1.e4 c5 2.Nf3 d6 3.d4 cxd4 4.Nxd4 Nf6 5.Nc3 g6 6.Be3 Bg7 7.f3 O-O 8.Bc4 
Nc6 9.Qd2 Bd7 10.O-O-O Rc8 11.Bb3 Ne5 12.g4 Nc4 13.Bxc4 Rxc4 14.h4 Qa5 15.
Kb1 Rfc8 16.Nb3 Qc7 17.Bd4 b5 18.a3 Bc6 19.g5 Nh5 20.Bxg7 Kxg7 21.Nd4 Qb7 
22.Nb3 b4 23.axb4 Qxb4 24.Rhg1 Rb8 25.Nd5 Qb7 26.Qd3 Bb5 27.Na5 Qa6 28.
Nxc4 Bxc4 29.Qc3+ e5 30.b3 Bxd5 31.exd5 Nf4 32.Qc6 Qa3 33.Rg4 a5 34.Qc3 
Ne2 35.Qb2 Qc5 36.Rc4 Qe3 37.Rd3 Qg1+ 38.Ka2 Nc1+ 39.Ka3 Nxd3 40.cxd3 Qe3 
41.f4 Rb5 42.fxe5 Qxe5 43.Qxe5+ dxe5 44.d6 Rd5 45.Re4 f6 46.d4 exd4 47.
Re7+ Kf8 48.gxf6 Rxd6 49.Rxh7 d3 50.Rg7 d2 51.Rxg6 d1=Q 52.Rg5 Qa1# 0-1

[Event "Schwaebische Meisterschaft 2024 B-Open"]
[Site "Augsburg"]
[Date "2024.05.09"]
[Round "2.9"]
[White "Huber, Andreas"]
[Black "Trimpl, Michael"]
[Result "0-1"]
[WhiteElo "1800"]
[BlackElo "1650"]
[EventDate "2024.??.??"]
[PlyCount "58"]
[WhiteTeam "SK Toeging"]
[BlackTeam "SK Kriegshaber"]

1.e4 c5 2.Nf3 e6 3.c3 d5 4.exd5 exd5 5.d4 Nf6 6.Bb5+ Bd7 7.Bxd7+ Nbxd7 8.
O-O Be7 9.Re1 O-O 10.Nbd2 Re8 11.Nf1 Ne4 12.Ng3 Bf8 13.Qc2 Nxg3 14.fxg3 
Rxe1+ 15.Nxe1 cxd4 16.cxd4 g6 17.Nf3 Bg7 18.Bf4 f5 19.Rc1 Nf6 20.Bg5 Qb6 
21.Bf4 Ne4 22.Rd1 Re8 23.b3 a6 24.Bc7 Rc8 25.Bxb6 Rxc2 26.a3 Bh6 27.Kf1 
Rf2+ 28.Kg1 Be3 29.Rd3 Rxf3+ 0-1

[Event "Schwaebische Meisterschaft 2024 B-Open"]
[Site "Augsburg"]
[Date "2024.05.09"]
[Round "2.2"]
[White "Mohm, Marvin"]
[Black "Reschka, Tomas"]
[Result "0-1"]
[WhiteElo "1739"]
[BlackElo "1753"]
[EventDate "2024.??.??"]
[PlyCount "39"]
[WhiteTeam "SK Koenigsbrunn"]
[BlackTeam "SK Kriegshaber"]

1.e4 c5 2.Nf3 e6 3.d4 cxd4 4.Nxd4 Nc6 5.Nc3 Qc7 6.Be3 Nf6 7.f3 a6 8.Be2 
Bb4 9.O-O O-O 10.Nb1 d5 11.Nxc6 bxc6 12.exd5 cxd5 13.c3 Bd6 14.f4 Rb8 15.
Qc2 Ne4 16.Bd3 f5 17.Nd2 Bc5 18.Rf3 Bxe3+ 19.Rxe3 Qxf4 20.Rae1 0-1

[Event "Schwaebische Meisterschaft 2024 B-Open"]
[Site "Augsburg"]
[Date "2024.05.10"]
[Round "4.1"]
[White "Rempel, Alexander"]
[Black "Reschka, Tomas"]
[Result "1-0"]
[WhiteElo "1715"]
[BlackElo "1753"]
[EventDate "2024.??.??"]
[PlyCount "109"]
[WhiteTeam "SF Augsburg"]
[BlackTeam "SK Kriegshaber"]

1.e4 c5 2.Nf3 e6 3.d4 cxd4 4.Nxd4 Nc6 5.Nc3 Qc7 6.Be3 Nf6 7.f3 Bb4 8.Nb5 
Qb8 9.a3 Be7 10.Be2 a6 11.Nd4 O-O 12.O-O Rd8 13.Qe1 d5 14.exd5 Nxd4 15.
Bxd4 Nxd5 16.Nxd5 Rxd5 17.Qf2 Qc7 18.c3 b5 19.Qg3 Qxg3 20.hxg3 Bb7 21.Rad1
Rad8 22.Bb6 R8d7 23.Kf2 Kf8 24.Rxd5 Rxd5 25.Rd1 Ke8 26.Rxd5 Bxd5 27.a4 Bc6
28.Ke3 Kd7 29.axb5 Bxb5 30.c4 Ba4 31.Kd3 Kc6 32.Bd4 f6 33.f4 Kc7 34.Bg4 f5
35.Bf3 Bf6 36.b4 Bc6 37.Be3 Be7 38.Kc3 Bf6+ 39.Kb3 Bxf3 40.gxf3 h6 41.b5 
axb5 42.cxb5 e5 43.Kc4 g5 44.fxg5 hxg5 45.Kd5 f4 46.Bf2 Be7 47.g4 Bd6 48.
Ke4 Kd7 49.Kf5 Ke7 50.b6 Bb8 51.Kxg5 Ke6 52.Kh6 Kd5 53.g5 e4 54.fxe4+ Kxe4
55.g6 1-0

[Event "Schwaebische Meisterschaft 2024 B-Open"]
[Site "Augsburg"]
[Date "2024.05.10"]
[Round "4.5"]
[White "Weidl, Robert"]
[Black "Doebel, Maximilian"]
[Result "0-1"]
[WhiteElo "1889"]
[BlackElo "1716"]
[EventDate "2024.??.??"]
[PlyCount "36"]
[WhiteTeam "SC Schwabmuenchen"]
[BlackTeam "SAbt TSV Haunstetten"]

1.e4 c5 2.Nf3 Nc6 3.d4 cxd4 4.Nxd4 g6 5.Be3 Nf6 6.Nc3 Bg7 7.Be2 O-O 8.f4 
d5 9.Bf3 dxe4 10.Nxe4 Nxe4 11.Nxc6 bxc6 12.Bxe4 Bxb2 13.Bxc6 Rb8 14.Qxd8 
Rxd8 15.Rb1 Rd6 16.Bxa7 Bc3+ 17.Kf2 Rxb1 18.Rxb1 Rxc6 0-1

[Event "Schwaebische Meisterschaft 2024 B-Open"]
[Site "Augsburg"]
[Date "2024.05.11"]
[Round "6.1"]
[White "Rempel, Alexander"]
[Black "Doebel, Maximilian"]
[Result "1/2-1/2"]
[WhiteElo "1715"]
[BlackElo "1716"]
[EventDate "2024.??.??"]
[PlyCount "93"]
[WhiteTeam "SF Augsburg"]
[BlackTeam "SAbt TSV Haunstetten"]

1.e4 c5 2.Nf3 Nc6 3.d4 cxd4 4.Nxd4 g6 5.c4 Nf6 6.Nc3 d6 7.Be2 Nxd4 8.Qxd4 
Bg7 9.Be3 O-O 10.Qd2 Be6 11.O-O Qa5 12.Bd4 Rac8 13.b3 a6 14.Rfd1 b5 15.
cxb5 axb5 16.Nd5 Qxd2 17.Nxf6+ Bxf6 18.Rxd2 Bxd4 19.Rxd4 Rc2 20.Bxb5 Ra8 
21.a4 Bxb3 22.Rb4 Ra2 23.Rxa2 Bxa2 24.f3 d5 25.Bc6 Rd8 26.Rb2 Bc4 27.Bxd5 
Bxd5 28.exd5 Rxd5 29.Ra2 Ra5 30.Kf2 Kf8 31.Ke3 Ke8 32.Kd4 Kd7 33.Kc4 Kc7 
34.Kb4 Rd5 35.a5 Kb7 36.a6+ Ka7 37.Kc4 e6 38.g3 h5 39.h3 Rf5 40.Ra3 Rd5 
41.h4 Rf5 42.Kd4 Rd5+ 43.Ke4 f5+ 44.Kf4 e5+ 45.Kg5 Rd6 46.g4 hxg4 47.fxg4 
1/2-1/2

[Event "Schwaebische Meisterschaft 2024 B-Open"]
[Site "Augsburg"]
[Date "2024.05.10"]
[Round "3.8"]
[White "Dudnik, Daniel"]
[Black "Junker, Mathis"]
[Result "1-0"]
[WhiteElo "1617"]
[BlackElo "1749"]
[EventDate "2024.??.??"]
[PlyCount "33"]
[WhiteTeam "SF Augsburg"]
[BlackTeam "SK Caissa Augsburg"]

1.e4 c6 2.Nf3 d5 3.d3 dxe4 4.dxe4 Qxd1+ 5.Kxd1 b6 6.Bf4 f6 7.Nc3 e5 8.Be3 
Nd7 9.a4 Bc5 10.Bc4 Bxe3 11.fxe3 a5 12.Ke2 Nc5 13.Rhd1 Ba6 14.Nd2 Nxa4 15.
Nxa4 b5 16.Nc5 bxc4 17.Rxa5 1-0

[Event "Schwaebische Meisterschaft 2024 B-Open"]
[Site "Augsburg"]
[Date "2024.05.09"]
[Round "1.4"]
[White "Rempel, Alexander"]
[Black "Junker, Mathis"]
[Result "1-0"]
[WhiteElo "1715"]
[BlackElo "1749"]
[EventDate "2024.??.??"]
[PlyCount "55"]
[WhiteTeam "SF Augsburg"]
[BlackTeam "SK Caissa Augsburg"]

1.e4 c6 2.Nf3 d5 3.d3 Bg4 4.h3 Bxf3 5.Qxf3 e5 6.Nd2 Nf6 7.g3 g6 8.Bg2 Bg7 
9.O-O O-O 10.Re1 d4 11.Nf1 c5 12.Nh2 Nc6 13.a3 h6 14.Ng4 Nxg4 15.Qxg4 Qc8 
16.f4 Kh7 17.f5 h5 18.Qh4 Bh6 19.Rf1 Bxc1 20.Raxc1 Rh8 21.fxg6+ fxg6 22.
Rf7+ Kh6 23.Qf6 Rh7 24.g4 Rxf7 25.g5+ Kh7 26.Qxf7+ Kh8 27.Qxg6 Qd7 28.
Qxh5+ 1-0

[Event "Schwaebische Meisterschaft 2024 B-Open"]
[Site "Augsburg"]
[Date "2024.05.11"]
[Round "5.6"]
[White "Weber, Manuel"]
[Black "Junker, Mathis"]
[Result "0-1"]
[WhiteElo "1881"]
[BlackElo "1749"]
[EventDate "2024.??.??"]
[PlyCount "84"]
[WhiteTeam "SF Waldstetten 1982"]
[BlackTeam "SK Caissa Augsburg"]

1.e4 c6 2.d4 d5 3.e5 c5 4.c3 Nc6 5.h3 Bf5 6.Bd3 Bxd3 7.Qxd3 e6 8.f4 Rc8 9.
Ne2 cxd4 10.cxd4 Nb4 11.Qb5+ Qd7 12.Qxd7+ Kxd7 13.Na3 Nd3+ 14.Kd2 Nxc1 15.
Nxc1 Bxa3 16.bxa3 Ne7 17.Nb3 b6 18.g4 Rc4 19.Rac1 Rhc8 20.Rxc4 dxc4 21.Nc1
Kc6 22.Ne2 Nd5 23.Rc1 Kb5 24.Rb1+ Ka4 25.Nc3+ Nxc3 26.Rb4+ Ka5 27.Kxc3 b5 
28.a4 a6 29.axb5 axb5 30.f5 Rd8 31.a4 bxa4 32.Rxc4 Ra8 33.Rb4 Rc8+ 34.Rc4 
Rxc4+ 35.Kxc4 a3 36.d5 a2 37.dxe6 fxe6 38.fxe6 a1=Q 39.Kd5 Qa3 40.g5 Qe7 
41.h4 g6 42.Ke4 Qxe6 0-1

[Event "Schwaebische Meisterschaft 2024 B-Open"]
[Site "Augsburg"]
[Date "2024.05.11"]
[Round "6.12"]
[White "Fendt, Valentino"]
[Black "Crista, Alexander"]
[Result "1-0"]
[WhiteElo "1024"]
[BlackElo "1563"]
[EventDate "2024.??.??"]
[PlyCount "43"]
[WhiteTeam "SK Friedberg"]
[BlackTeam "SK Kriegshaber"]

1.e4 d5 2.exd5 Qxd5 3.Nc3 Qd8 4.d4 e6 5.Nf3 Nf6 6.Bd3 Nd5 7.Nxd5 exd5 8.
O-O Be7 9.Bf4 Nd7 10.Re1 O-O 11.Bxc7 Qxc7 12.Rxe7 f6 13.Qe2 Qd6 14.Re8 Nb6
15.Re1 Bd7 16.Rxa8 Rxa8 17.c3 a5 18.Qc2 g6 19.Bxg6 hxg6 20.Qxg6+ Kh8 21.
Ng5 fxg5 22.Qxd6 1-0

[Event "Schwaebische Meisterschaft 2024 B-Open"]
[Site "Augsburg"]
[Date "2024.05.09"]
[Round "2.11"]
[White "Berger, Siegfried"]
[Black "Crista, Alexander"]
[Result "1-0"]
[WhiteElo "1719"]
[BlackElo "1563"]
[EventDate "2024.??.??"]
[Annotator "Max"]
[PlyCount "145"]
[WhiteTeam "SK Kriegshaber"]
[BlackTeam "SK Kriegshaber"]

1.e4 d5 2.exd5 Qxd5 3.Nc3 Qe6+ 4.Qe2 Nf6 5.Qxe6 Bxe6 6.Nb5 Na6 7.a3 c6 8.
Nc3 Nc7 9.Be2 Bf5 10.d3 e5 11.Bf3 Nfd5 12.Nge2 Nxc3 13.Nxc3 Bd6 14.Be3 Be6
15.Ne4 Be7 16.O-O-O h6 17.d4 exd4 18.Bxd4 f6 19.Rhe1 Bf7 20.Nd6+ Kf8 21.
Nxb7 Bd5 22.Bxd5 Nxd5 23.Bc5 Bxc5 24.Nxc5 Kf7 25.g3 Rae8 26.c4 Rxe1 27.
Rxe1 Ne7 28.Rd1 Ra8 29.Kc2 f5 30.f4 g5 31.Rd6 Kg7 32.b3 gxf4 33.gxf4 Rg8 
34.Nd7 Kf7 35.Rxh6 Rg2+ 36.Kc3 Rf2 37.Rh7+ Ke6 38.Nc5+ Kd6 39.Nd3 Rf3 40.
Rh6+ Kd7 41.Kd2 Kc7 42.h4 Kb6 43.Kc3 Ng8 44.Rh8 Nf6 45.c5+ Ka6 46.Kc4 Nd5 
47.Rh6 Nxf4 48.Ne5 Re3 49.Nxc6 Re4+ 50.Nd4+ Kb7 51.Rd6 Ne2 52.Kd3 Nf4+ 53.
Kc4 Kc7 54.b4 Ne2 55.h5 Rh4 56.h6 Nxd4 57.Rxd4 Rxh6 58.Rf4 Rf6 59.Kd5 Ra6 
60.Rxf5 Rxa3 61.Rf7+ Kd8 62.Kc6 a5 63.b5 Rh3 64.Rd7+ Ke8 65.b6 Rh6+ 66.Kc7
Rh1 67.b7 Rb1 68.Rd8+ Ke7 69.b8=Q Rxb8 70.Rxb8 a4 71.Ra8 Ke6 72.Rxa4 Kd5 
73.c6 1-0

[Event "Schwaebische Meisterschaft 2024 B-Open"]
[Site "Augsburg"]
[Date "2024.05.12"]
[Round "7.6"]
[White "Dudnik, Daniel"]
[Black "Forster, Rudolf"]
[Result "1/2-1/2"]
[WhiteElo "1617"]
[BlackElo "1900"]
[EventDate "2024.??.??"]
[PlyCount "85"]
[WhiteTeam "SF Augsburg"]
[BlackTeam "SK Friedberg"]

1.e4 d6 2.d4 e5 3.Nf3 Bg4 4.dxe5 Bxf3 5.Qxf3 dxe5 6.Bc4 Nf6 7.Qb3 Bc5 8.
Bxf7+ Kf8 9.Be3 Nbd7 10.Bc4 Nxe4 11.Bxc5+ Ndxc5 12.Qf3+ Qf6 13.Nd2 Nxd2 
14.Qxf6+ gxf6 15.Kxd2 Ne4+ 16.Ke3 Nd6 17.Bb3 Ke7 18.Rad1 c5 19.c3 c4 20.
Bc2 Rhg8 21.g3 Rg7 22.Rd5 Rd8 23.Rhd1 Ke6 24.f4 exf4+ 25.Kxf4 Ke7 26.Re1+ 
Kf7 27.Red1 Ke7 28.Rh5 Rh8 29.Ra5 a6 30.Rc5 Rd8 31.Rh5 Rh8 32.Rc5 Rd8 33.
Rc7+ Rd7 34.Rxd7+ Kxd7 35.Rd5 Kc6 36.Rh5 Re7 37.Kf3 Nf7 38.Be4+ Kd6 39.h4 
Ne5+ 40.Ke3 Nd3 41.Rxh7 Re5 42.Kd4 b5 43.Ra7 1/2-1/2

[Event "Schwaebische Meisterschaft 2024 B-Open"]
[Site "Augsburg"]
[Date "2024.05.11"]
[Round "6.3"]
[White "Lorenz, Oda"]
[Black "Forster, Rudolf"]
[Result "1-0"]
[WhiteElo "1813"]
[BlackElo "1900"]
[EventDate "2024.??.??"]
[PlyCount "69"]
[WhiteTeam "SG Augsburg 1873"]
[BlackTeam "SK Friedberg"]

1.e4 d6 2.d4 Nf6 3.Nc3 g6 4.Be2 Bg7 5.g4 h5 6.g5 Nh7 7.h4 Nc6 8.Be3 e5 9.
dxe5 Nxe5 10.f4 Nc6 11.Nf3 Bxc3+ 12.bxc3 Qe7 13.Qd3 f5 14.e5 dxe5 15.Nxe5 
Nxe5 16.fxe5 O-O 17.Bd4 Be6 18.O-O Rfd8 19.Qb5 b6 20.Bc4 c5 21.Be3 Nf8 22.
Rad1 Kg7 23.Bf4 a6 24.Qb3 b5 25.Bxe6 Nxe6 26.Bg3 Rd7 27.Rd6 c4 28.Qb4 Rc7 
29.a4 Rac8 30.axb5 axb5 31.Qxb5 Nc5 32.Qb6 Qe8 33.e6 Ne4 34.Qd4+ Kg8 35.
Rd7 1-0

[Event "Schwaebische Meisterschaft 2024 B-Open"]
[Site "Augsburg"]
[Date "2024.05.09"]
[Round "1.6"]
[White "Weber, Manuel"]
[Black "Schneider, Sebastian"]
[Result "1/2-1/2"]
[WhiteElo "1881"]
[BlackElo "1551"]
[EventDate "2024.??.??"]
[PlyCount "28"]
[WhiteTeam "SF Waldstetten 1982"]
[BlackTeam "SK Friedberg"]

1.e4 e5 2.d4 exd4 3.Bc4 Bc5 4.Bxf7+ Kxf7 5.Qh5+ Kf8 6.Qxc5+ Qe7 7.Qxd4 Nc6
8.Qe3 Nf6 9.Nc3 Nb4 10.Qe2 b6 11.a3 Ba6 12.Nd5 Nfxd5 13.Qf3+ Nf6 14.axb4 
Bb7 1/2-1/2

[Event "Schwaebische Meisterschaft 2024 B-Open"]
[Site "Augsburg"]
[Date "2024.05.10"]
[Round "3.5"]
[White "Weber, Manuel"]
[Black "Berger, Siegfried"]
[Result "1-0"]
[WhiteElo "1881"]
[BlackElo "1719"]
[EventDate "2024.??.??"]
[PlyCount "63"]
[WhiteTeam "SF Waldstetten 1982"]
[BlackTeam "SK Kriegshaber"]

1.e4 e5 2.Nf3 Nc6 3.Bb5 d6 4.O-O Bd7 5.c3 Nf6 6.Re1 a6 7.Ba4 Be7 8.d4 exd4
9.cxd4 O-O 10.h3 h6 11.Nc3 b5 12.Bc2 Nh7 13.Nd5 Bg5 14.Qd3 Bxc1 15.e5 g6 
16.Raxc1 Be6 17.Bb3 Bd7 18.Nf6+ Nxf6 19.Qxg6+ Kh8 20.Qxh6+ Nh7 21.Bc2 f5 
22.exf6 Rf7 23.Be4 Qxf6 24.Qxf6+ Rxf6 25.Bxc6 Rd8 26.Re7 Bxh3 27.gxh3 Rg8+
28.Kf1 Ng5 29.Nxg5 Rxg5 30.Be4 Kg8 31.Rcxc7 Kf8 32.Rh7 1-0

[Event "Schwaebische Meisterschaft 2024 B-Open"]
[Site "Augsburg"]
[Date "2024.05.09"]
[Round "2.7"]
[White "Forster, Rudolf"]
[Black "Weber, Manuel"]
[Result "1/2-1/2"]
[WhiteElo "1900"]
[BlackElo "1881"]
[EventDate "2024.??.??"]
[PlyCount "44"]
[WhiteTeam "SK Friedberg"]
[BlackTeam "SF Waldstetten 1982"]

1.e4 e5 2.Nf3 Nc6 3.Bb5 a6 4.Ba4 f5 5.d3 b5 6.Bb3 Nf6 7.Nc3 h6 8.Bd5 b4 9.
Na4 Bd6 10.Nh4 f4 11.Ng6 Rh7 12.c4 bxc3 13.bxc3 Nxd5 14.exd5 Qg5 15.dxc6 
Qxg6 16.Qf3 Rb8 17.Nb2 dxc6 18.Qxc6+ Bd7 19.Qd5 Be6 20.Qc6+ Bd7 21.Qd5 Be6
22.Qc6+ Bd7 1/2-1/2

[Event "Schwaebische Meisterschaft 2024 B-Open"]
[Site "Augsburg"]
[Date "2024.05.09"]
[Round "2.3"]
[White "Lorenz, Oda"]
[Black "Rempel, Alexander"]
[Result "0-1"]
[WhiteElo "1813"]
[BlackElo "1715"]
[EventDate "2024.??.??"]
[PlyCount "98"]
[WhiteTeam "SG Augsburg 1873"]
[BlackTeam "SF Augsburg"]

1.e4 e5 2.Nf3 Nc6 3.Bb5 a6 4.Ba4 Nf6 5.O-O d6 6.d3 Be7 7.c3 b5 8.Bb3 O-O 
9.h3 Bb7 10.Be3 Nb8 11.Nbd2 Nbd7 12.Re1 Re8 13.Nf1 d5 14.exd5 Nxd5 15.Ng3 
Nxe3 16.Rxe3 Bf8 17.Ne4 h6 18.Nh2 Nc5 19.Nxc5 Bxc5 20.d4 exd4 21.Rxe8+ 
Qxe8 22.cxd4 Qe4 23.Nf3 Rd8 24.Qc2 Qxc2 25.Bxc2 Bxd4 26.Nxd4 Rxd4 27.Re1 
Kf8 28.Re2 Bd5 29.b3 c5 30.f3 c4 31.Kf2 Be6 32.Ke3 Rd5 33.Be4 Rd1 34.b4 
Ke7 35.Rc2 f5 36.Bb7 Rd6 37.f4 Bd5 38.Bxd5 Rxd5 39.Rc3 Ke6 40.Ke2 Rd4 41.
g3 Re4+ 42.Kf3 Kd5 43.Ra3 Re6 44.Rc3 Kd4 45.Rc1 Re3+ 46.Kf2 c3 47.Rd1+ Rd3
48.Ke2 Rxd1 49.Kxd1 Kd3 0-1

[Event "Schwaebische Meisterschaft 2024 B-Open"]
[Site "Augsburg"]
[Date "2024.05.10"]
[Round "4.11"]
[White "Junker, Mathis"]
[Black "Huber, Andreas"]
[Result "1-0"]
[WhiteElo "1749"]
[BlackElo "1800"]
[EventDate "2024.??.??"]
[PlyCount "145"]
[WhiteTeam "SK Caissa Augsburg"]
[BlackTeam "SK Toeging"]

1.e4 e5 2.Nf3 Nc6 3.Bb5 a6 4.Ba4 Nf6 5.O-O b5 6.Bb3 d6 7.c3 Na5 8.Bc2 Be7 
9.Re1 O-O 10.h3 g6 11.d3 h5 12.Nbd2 Nh7 13.Nf1 Ng5 14.Ng3 Nxf3+ 15.Qxf3 
Bg5 16.d4 Qf6 17.Qe2 Bxc1 18.dxe5 Qxe5 19.Raxc1 Be6 20.Bb1 Qg5 21.Kh2 Nc4 
22.Rcd1 Ne5 23.Qd2 Qxd2 24.Rxd2 a5 25.Nf1 g5 26.Ne3 g4 27.Nd5 Bxd5 28.Rxd5
gxh3 29.f4 Ng4+ 30.Kxh3 Nf6 31.Rg5+ Kh8 32.e5 dxe5 33.fxe5 Rg8 34.Rf5 Nd5 
35.Rxh5+ Kg7 36.Rh7+ Kf8 37.Rf1 Rg7 38.Rxg7 Kxg7 39.Be4 Rh8+ 40.Kg3 Ne3 
41.Rf3 Nc4 42.Rf5 Re8 43.Bc6 Rxe5 44.Rxe5 Nxe5 45.Bxb5 Kf6 46.b4 axb4 47.
cxb4 Ke7 48.Kf4 Ng6+ 49.Kg5 Nf8 50.Be2 Ne6+ 51.Kh6 Nd4 52.Bd3 Kd6 53.g4 
Nc6 54.b5 Ne5 55.Be2 Kc5 56.Kg7 c6 57.bxc6 Kxc6 58.Kf6 Kd6 59.a4 Kd5 60.a5
Kd6 61.a6 Nc6 62.g5 Kc7 63.Kxf7 Kb6 64.g6 Ne5+ 65.Kf6 Nxg6 66.Kxg6 Ka7 67.
Kf7 Kb6 68.Ke6 Ka7 69.Kd5 Kb6 70.Kd6 Ka7 71.Kc7 Ka8 72.Kb6 Kb8 73.a7+ 1-0

[Event "Schwaebische Meisterschaft 2024 B-Open"]
[Site "Augsburg"]
[Date "2024.05.11"]
[Round "5.7"]
[White "Dudnik, Daniel"]
[Black "Schneider, Sebastian"]
[Result "1-0"]
[WhiteElo "1617"]
[BlackElo "1551"]
[EventDate "2024.??.??"]
[PlyCount "57"]
[WhiteTeam "SF Augsburg"]
[BlackTeam "SK Friedberg"]

1.e4 e5 2.Nf3 Nc6 3.Bc4 Bc5 4.d3 Nf6 5.a4 a5 6.Be3 d6 7.Bxc5 dxc5 8.Bb5 
Bd7 9.Bxc6 Bxc6 10.Nxe5 Qd4 11.Nxc6 Qxb2 12.Nd2 bxc6 13.O-O O-O 14.Nc4 Qd4
15.Re1 Nd7 16.Ra3 Nb6 17.c3 Qd7 18.Ne3 Qe6 19.f3 Rfd8 20.Qc2 Qe5 21.Ng4 
Qe6 22.Rd1 Rd7 23.Raa1 Rad8 24.Ne3 Qh6 25.Nf5 Qf6 26.Ng3 Qf4 27.Nf1 f5 28.
Rd2 Nc4 29.Qb3 1-0

[Event "Schwaebische Meisterschaft 2024 B-Open"]
[Site "Augsburg"]
[Date "2024.05.11"]
[Round "6.10"]
[White "Weidl, Robert"]
[Black "Berger, Siegfried"]
[Result "1/2-1/2"]
[WhiteElo "1889"]
[BlackElo "1719"]
[EventDate "2024.??.??"]
[PlyCount "65"]
[WhiteTeam "SC Schwabmuenchen"]
[BlackTeam "SK Kriegshaber"]

1.e4 e5 2.Nf3 Nc6 3.Bc4 h6 4.O-O Nf6 5.Nc3 Bc5 6.h3 O-O 7.d3 d6 8.a3 a6 9.
b4 Ba7 10.Bb2 Nd4 11.Nd5 Nxf3+ 12.Qxf3 Nxd5 13.exd5 b5 14.Bb3 Bb7 15.Rfe1 
Qd7 16.Rad1 Rae8 17.Re2 Bc8 18.d4 Qf5 19.Qxf5 Bxf5 20.g4 Bg6 21.c3 exd4 
22.Rxe8 Rxe8 23.cxd4 h5 24.Kf1 hxg4 25.hxg4 Kf8 26.Rd2 Be4 27.Kg1 g5 28.
Bc2 Bf3 29.Bf5 Bxd5 30.Kh2 Kg7 31.Kg3 Re1 32.f3 f6 33.Kf2 1/2-1/2

[Event "Schwaebische Meisterschaft 2024 B-Open"]
[Site "Augsburg"]
[Date "2024.05.10"]
[Round "3.9"]
[White "Trimpl, Michael"]
[Black "Lorenz, Oda"]
[Result "1/2-1/2"]
[WhiteElo "1650"]
[BlackElo "1813"]
[EventDate "2024.??.??"]
[PlyCount "102"]
[WhiteTeam "SK Kriegshaber"]
[BlackTeam "SG Augsburg 1873"]

1.e4 e5 2.Nf3 Nc6 3.d4 exd4 4.Nxd4 Nf6 5.Nc3 Bb4 6.Nxc6 bxc6 7.Bd3 O-O 8.
Bd2 d6 9.O-O Bc5 10.Kh1 Ng4 11.Qe2 Qh4 12.Bf4 Nxf2+ 13.Rxf2 Qxf2 14.Qxf2 
Bxf2 15.Ne2 a5 16.Rf1 Bh4 17.e5 Be7 18.exd6 Bxd6 19.Bd2 Ba6 20.Bxa6 Rxa6 
21.Bc3 f6 22.Nd4 a4 23.Re1 Be5 24.a3 Bxd4 25.Bxd4 Kf7 26.h3 Ra5 27.Bc3 Rd5
28.Re2 Re8 29.Rf2 Re6 30.Rf4 Re2 31.Rxa4 Rxc2 32.Ra7 Rd7 33.a4 Ke6 34.a5 
Rd1+ 35.Kh2 Kd7 36.a6 Ra1 37.Ra8 c5 38.a7 h5 39.Rg8 Rxa7 40.Rxg7+ Ke6 41.
Rh7 Rc1 42.Rxh5 f5 43.Rh6+ Kd5 44.Rf6 Ke4 45.h4 Raa1 46.Kg3 Rh1 47.Re6+ 
Kd3 48.Rc6 Ra4 49.Rxc5 Rg4+ 50.Kf2 Rf4+ 51.Kg3 Rg4+ 1/2-1/2

[Event "Schwaebische Meisterschaft 2024 B-Open"]
[Site "Augsburg"]
[Date "2024.05.09"]
[Round "1.3"]
[White "Zimmermann, Maximilian"]
[Black "Forster, Rudolf"]
[Result "1-0"]
[WhiteElo "1358"]
[BlackElo "1900"]
[EventDate "2024.??.??"]
[PlyCount "117"]
[WhiteTeam "SK Koenigsbrunn"]
[BlackTeam "SK Friedberg"]

1.e4 e5 2.Nf3 Nc6 3.d4 exd4 4.Nxd4 Nf6 5.Nc3 Be7 6.Be3 O-O 7.Qd2 a6 8.f3 
b5 9.O-O-O Nxd4 10.Bxd4 c6 11.e5 b4 12.exf6 bxc3 13.Qxc3 Bxf6 14.Bxf6 Qxf6
15.Qxf6 gxf6 16.Rd6 Kg7 17.Bd3 Re8 18.Bf5 Ra7 19.Rhd1 Re2 20.R1d2 Re1+ 21.
Rd1 Re2 22.R6d2 Re7 23.h4 Rc7 24.Rd6 Re2 25.g4 Re3 26.Be4 Re2 27.Bf5 Re3 
28.R1d3 Re7 29.Kd2 h5 30.R3d4 c5 31.Rf4 Bb7 32.gxh5 Rc6 33.Rxc6 Bxc6 34.
Be4 d5 35.Bf5 Re5 36.b3 Kh6 37.Bg4 f5 38.Bxf5 Kxh5 39.Bg4+ Kg6 40.h5+ Kg7 
41.Rf5 Re7 42.Rg5+ Kh6 43.Rg8 Bb5 44.a4 Bf1 45.Rc8 c4 46.Rc6+ Kg5 47.bxc4 
Bxc4 48.Kc3 f5 49.Rg6+ Kh4 50.Bxf5 Re3+ 51.Bd3 Kxh5 52.Rf6 Bxd3 53.cxd3 
Kg5 54.Kd4 Rxd3+ 55.Kxd3 Kxf6 56.Kd4 Ke6 57.a5 Kd6 58.f4 Ke6 59.Kc5 1-0

[Event "Schwaebische Meisterschaft 2024 B-Open"]
[Site "Augsburg"]
[Date "2024.05.11"]
[Round "5.11"]
[White "Schwarz, Susanne"]
[Black "Fendt, Valentino"]
[Result "1-0"]
[WhiteElo "1597"]
[BlackElo "1024"]
[EventDate "2024.??.??"]
[PlyCount "55"]
[WhiteTeam "SC Starnberg"]
[BlackTeam "SK Friedberg"]

1.e4 e5 2.Nf3 Nf6 3.d3 Nc6 4.Bg5 Be7 5.Nc3 h6 6.Bh4 Nxe4 7.Bxe7 Nxc3 8.
bxc3 Qxe7 9.Be2 d6 10.O-O O-O 11.h3 Be6 12.Re1 a6 13.c4 b5 14.Qd2 bxc4 15.
dxc4 Qd7 16.Rab1 a5 17.Rb7 a4 18.Bd3 Na5 19.Rb4 c5 20.Rb5 Nxc4 21.Bxc4 
Bxc4 22.Rxc5 Rac8 23.Nxe5 Qa7 24.Rxc8 Rxc8 25.Nxc4 Rxc4 26.Re8+ Kh7 27.
Qd3+ g6 28.Qxc4 1-0

[Event "Schwaebische Meisterschaft 2024 B-Open"]
[Site "Augsburg"]
[Date "2024.05.09"]
[Round "1.10"]
[White "Dudnik, Daniel"]
[Black "Fendt, Valentino"]
[Result "1-0"]
[WhiteElo "1617"]
[BlackElo "1024"]
[EventDate "2024.??.??"]
[PlyCount "94"]
[WhiteTeam "SF Augsburg"]
[BlackTeam "SK Friedberg"]

1.e4 e5 2.Nf3 Nf6 3.d4 Nxe4 4.Nxe5 d6 5.Nf3 d5 6.Nbd2 Nc6 7.Bd3 Bf5 8.O-O 
Be7 9.Re1 Nd6 10.Nf1 Bxd3 11.Qxd3 O-O 12.Ne5 Ne4 13.c4 Nxe5 14.dxe5 Bc5 
15.Be3 c6 16.Red1 Re8 17.cxd5 Qxd5 18.Qxd5 cxd5 19.Rxd5 Bxe3 20.Nxe3 Rad8 
21.Rad1 Rxd5 22.Rxd5 Kf8 23.h4 f6 24.Rd7 Re7 25.Rxe7 Kxe7 26.Nf5+ Kf7 27.
e6+ Kxe6 28.Nxg7+ Ke5 29.f3 Nd6 30.Kf2 Kd4 31.Ke2 Nc4 32.b3 Nd6 33.Kd2 Ke5
34.Ke3 Nf5+ 35.Nxf5 Kxf5 36.g4+ Ke5 37.f4+ Kd5 38.h5 h6 39.g5 fxg5 40.fxg5
Ke5 41.gxh6 Kf6 42.Kf4 b6 43.h7 Kg7 44.h8=Q+ Kxh8 45.Ke5 Kh7 46.Kd6 Kh6 
47.Kc7 Kxh5 1-0